000 00865nam a2200265 a 4500
001 BRCA_5524
005 20190320205121.0
008 040211s1948----gw-a######---#000-0#ger-#
041 _ager
044 _agw
050 4 _aND652
_b.B46 1
_c1948
100 1 _aBernt, Walther
_914105
245 1 0 _aDie Nierderlandischen Maler des 17 Jahrhunderts
_cWalther Bernt ; Einleitung Hans Savermann.
260 _aMúnich
_bB. F. Bruckmann
_cc1948
300 _a3 v.
_bil.
_c30 cm.
500 _aIncluye índice alfabético y 516 autógrafos
500 _aEjemplar igual a E106
500 _aCDE1
505 0 _aContenido: v.I. Ivorwort. Elleitun Achtschellink-Heda. -- v.II. Heem-Rombouts. -- v.III. Romeyn-ZyL
650 1 4 _aPintores holandeses
_914106
650 1 4 _aPinturas holandesas
_913737
700 1 _aSavermann, Hans
_914107
902 _aGFM
942 _2lcc
_cB
999 _c5218
_d5218